| 000 | 00841nam a22002897a 4500 | ||
|---|---|---|---|
| 003 | CHAP | ||
| 005 | 20220329135307.0 | ||
| 008 | 971013s1958 r 00010 d | ||
| 010 | _a33905 | ||
| 011 | _a34877 | ||
| 035 | _a38993 | ||
| 040 | _cCHAP | ||
| 082 |
_a546 _bM45Y 1958 |
||
| 100 | 0 | 0 |
_aMellor, Joseph William. _974377 |
| 245 | _aQuímica inorgánica moderna | ||
| 250 | _a4 ed. | ||
| 260 |
_aMéxico, D.F. : _bEd. Continental, _c1958 |
||
| 300 |
_a921 p. _b: ilus |
||
| 590 |
_aBATCH-UPD _b10 _c20130110 _lUCH01 _h1715 |
||
| 590 |
_aBATCH-UPD _b10 _c20130410 _lUCH01 _h1100 |
||
| 590 |
_aBATCH-UPD _b10 _c20130914 _lUCH01 _h1859 |
||
| 590 |
_aCONVERSION _b10 _c20130109 _lUCH01 _h1319 |
||
| 650 | 1 | 4 |
_aQuímica inorgánica. _993593 |
| 901 | _aBK | ||
| 942 | _cLIBRO | ||
| 949 |
_a546 M45Y 1958 _bBC _cBPA _d-89106 _eBPA _i38993 _si _t50.00 |
||
| 999 |
_c33905 _d33905 |
||